Loading...
| History - World History | 2 | 4 | 0 | 2 | 70 | 35 | 71.50 | 1 | 6 |
| Philosophy | 1 | 5 | 0 | 2 | 65 | 31 | 104.17 | 1 | 4 |
| Religion | 3 | 0 | 0 | 0 | 45 | 48 | 58.00 | 1 | 3 |
| History - European History | 1 | 3 | 0 | 2 | 45 | 45 | 64.75 | 3 | 4 |
| History - American History | 0 | 3 | 1 | 0 | 25 | 73 | 86.33 | 1 | 3 |
| Literature - World Literature | 1 | 1 | 0 | 1 | 25 | 49 | 87.00 | 1 | 1 |
| Science - Other Science | 0 | 2 | 0 | 0 | 20 | 75 | 77.00 | 0 | 2 |
| Fine Arts - Visual Fine Arts | 1 | 0 | 0 | 0 | 15 | 30 | 30.00 | 1 | 1 |
| History - Other History | 2 | 0 | 3 | 0 | 15 | 19 | 42.50 | 1 | 2 |
| Mythology- Edited | 1 | 0 | 0 | 0 | 15 | 74 | 74.00 | 1 | 1 |
| Science - Physics | 0 | 2 | 1 | 0 | 15 | 75 | 88.50 | 0 | 1 |
| Social Science- Edited | 0 | 1 | 0 | 0 | 10 | 82 | 82.00 | 0 | 1 |
| Religion- Edited | 0 | 1 | 0 | 0 | 10 | 85 | 85.00 | 0 | 1 |
| Science - Chemistry | 0 | 1 | 1 | 1 | 5 | 127 | 127.00 | 0 | 0 |
| Mythology | 0 | 1 | 1 | 0 | 5 | 101 | 101.00 | 0 | 1 |
| Social Science | 0 | 2 | 3 | 1 | 5 | 103 | 111.00 | 1 | 1 |
| Science - Biology | 0 | 0 | 1 | 0 | -5 | 0.00 | 0 | 0 |